000 00652nam a2200253Ia 4500
005 20250425162212.0
008 250425s9999 xx 000 0 und d
020 _a8423418189
041 _aspa
043 _ack
082 _a086.61
100 _aHARVARD, BUSINESS REVIEW
245 0 _aHARVARD BUSINESS REVIEW: GESTION DEL CAMBIO
250 _a1A ED.
260 _aBOGOTA
260 _aColombia
_bDEUSTO S.A
_c2000
300 _a277
500 _aCOLECCION:HARVARD BUSINES REVIEW ENCICLOPEDIA
650 _aADMINISTRACION DEL CAMBIO
650 _aGESTION EMPRESARIAL
710 _aEDICIONES DEUSTO
942 _c01
010 _a56485
999 _c224433
_d224433